British Desserts by Images - Statistics

General Stats
  • This quiz has been taken 53 times
  • The average score is 6 of 16
Answer Stats
Picture Answer % Correct
Bread and butter pudding
62%
Spotted Dick
60%
Sticky toffee pudding
60%
Battenberg Cake
55%
Eton Mess
55%
Banoffee Pie
48%
Victoria Sponge Cake
48%
Bakewell Tart
40%
Knickerbocker Glory
40%
Raspberry Ripple
40%
Arctic Roll
31%
Brandy Snaps
24%
Eves Pudding
7%
Sussex pond pudding
5%
Manchester Tart
2%
Lardy Cake
0%
No matching quizzes found
Score Distribution
Percent of People with Each Score
Percentile by Number Answered
Your Score History
You have not taken this quiz